Normale Ansicht MARC-Ansicht ISBD

I sotvoril sebe kumira (Titelsatznr. 7843)

[ MARC ]
MARC-Details
000 -Satzkennung
Kontrollfeld mit fester Länge 00569nam a22002171c 4500
001 - Kontrollnummer
Kontrollfeld a987693410
008 - Feld mit fester Länge zur physischen Beschreibung - Allgemeine Angaben
Kontrollfeld mit fester Länge 200316s2010 gw a||| 000u rus d
020 ## - Internationale Standardbuchnummer
Internationale Standardbuchnummer 9786175870105
Verknüpfung 978-617-587-010-5
041 ## - Sprachcode
Sprachcode des Textes/der Tonspur oder des separaten Titels rus
040 ## - Katalogisierungsquelle
Übertragungsstelle RU-10907106
003 - Kontrollnummer Identifier
Kontrollfeld RU-10907106
100 1# - Haupteintragung - Personenname
Personenname Kopelev, Lev Zinov'evič
245 00 - Titel
Titel I sotvoril sebe kumira
264 ## - Produktion, Veröffentlichung, Distribution, Herstellung und Urheberrechtsvermerk
Herstellungs-, Veröffentlichungs- Vertriebs-, Erzeugungsort Kharkov :
Produzent, Herausgeber, Distributor, Hersteller Prava ljudini,
Datum der Herstellung, der Veröffentlichung, des Vertriebs oder des Urheberschutzvermerks 2010
300 ## - Physische Beschreibung
Umfang 480 Seiten : Illustrationen
600 #0 - Nebeneintragung unter einem Schlagwort - Personenname
Personenname Kopelev, Lev Zinov'evič
650 #0 - Nebeneintragung unter einem Schlagwort - Sachschlagwort
Sachschlagwort oder geografischer Name als Eintragungselement Stalinismus
651 #0 - Nebeneintragung unter einem Schlagwort - Geografischer Name
Geografischer Name Sowjetunion
655 #0 - Indexierungsterm - Genre/Form
Genre/Form oder fokussierter Term
942 ## - Zusätzliche Felder (Koha)
Koha-Medientyp Monographien
Exemplare
Ausgeschieden Verloren Klassifikation oder Aufstellungssystematik Beschädigt Nicht entleihbar Heimatbibliothek Aufenthaltsbibliothek Aufstellungsort Erwerbungsdatum Inventarnummer Signatur Barcode Letzte Aktivität Preis gültig von Koha-Medientyp
    Andere/Generische Klassifikation     MWN Osteuropa MWN Osteuropa Magazin - 2 16/03/2020 20-00438 R 62 k Kop (R) E00401080A939574 23/02/2021 22/03/2021 Monographien